[Event "Gatwick e2e4 int op-B"]
[Site "Gatwick"]
[Date "2011.10.29"]
[Round "6"]
[White "Muir, Martin J"]
[Black "Mavinkurve, Aditya"]
[Result "1-0"]
[WhiteElo "1946"]
[BlackElo "1807"]
[PlyCount "121"]
[EventDate "2011.10.26"]
[EventType "swiss"]
[EventRounds "9"]
[EventCountry "ENG"]
[SourceTitle "EXT 2014"]
[Source "ChessBase"]
[SourceDate "2013.11.20"]
[SourceVersion "1"]
[SourceVersionDate "2013.11.20"]
[SourceQuality "1"]

1. d4 Nf6 2. Nf3 d5 3. c4 c6 4. cxd5 cxd5 5. Nc3 Nc6 6. Bf4 a6 7. Rc1 Bf5 8. e3 e6 9. Qb3 Bb4 10. Ne5 Bxc3+ 11. Rxc3 Nxe5 12. Bxe5 b5 13. Bxf6 gxf6 14. Be2 0-0 15. 0-0 Kh8 16. Rfc1 Rg8 17. Qb4 Bh3 18. g3 f5 19. Rc7 Qf6 20. Qe7 Kg7 21. Qxf6+ Kxf6 22. Rd7 Bg4 23. f3 Bh5 24. Rcc7 Bg6 25. Kf2 Rgb8 26. Rd6 a5 27. Rc5 Ke7 28. Rdc6 Kd7 29. Rc7+ Kd8 30. f4 Rb6 31. Ke1 b4 32. h4 h5 33. Kd2 Ke8 34. Bb5+ Kf8 35. a4 Kg8 36. Rc8+ Rxc8 37. Rxc8+ Kg7 38. Ra8 Kf6 39. Rxa5 Ke7 40. Ra7+ Kd8 41. Kc2 Kc8 42. Kb3 Kb8 43. Re7 Rb7 44. Rxb7+ Kxb7 45. Kxb4 f6 46. Kc5 Kc7 47. b4 Bf7 48. a5 Bg6 49. Ba6 Bf7 50. b5 Be8 51. b6+ Kb8 52. Bb5 Bxb5 53. Kxb5 Kb7 54. a6+ Kb8 55. Kc6 Kc8 56. a7 Kd8 57. a8Q+ Ke7 58. b7 Kf7 59. b8Q Kg7 60. Qh8+ Kf7 61. Qae8# 1-0

[Event "Gatwick e2e4 int op-B"]
[Site "Gatwick"]
[Date "2011.10.28"]
[Round "4"]
[White "Muir, Martin J"]
[Black "Omtvedt, Aleksander"]
[Result "1/2-1/2"]
[WhiteElo "1946"]
[BlackElo "1874"]
[PlyCount "28"]
[EventDate "2011.10.26"]
[EventType "swiss"]
[EventRounds "9"]
[EventCountry "ENG"]
[SourceTitle "EXT 2014"]
[Source "ChessBase"]
[SourceDate "2013.11.20"]
[SourceVersion "1"]
[SourceVersionDate "2013.11.20"]
[SourceQuality "1"]

1. d4 d5 2. Nf3 f5 3. Bf4 e6 4. e3 Nf6 5. Bd3 c6 6. c3 Be7 7. h3 Nbd7 8. Nbd2 b6 9. Qe2 0-0 10. 0-0 Ne4 11. Ne5 Bb7 12. f3 Nxe5 13. Bxe5 Nxd2 14. Qxd2 Bg5 1/2-1/2

[Event "Gatwick e2e4 int op-B"]
[Site "Gatwick"]
[Date "2011.10.27"]
[Round "3"]
[White "Doran, Niall"]
[Black "Muir, Martin J"]
[Result "0-1"]
[WhiteElo "1611"]
[BlackElo "1946"]
[PlyCount "116"]
[EventDate "2011.10.26"]
[EventType "swiss"]
[EventRounds "9"]
[EventCountry "ENG"]
[SourceTitle "EXT 2014"]
[Source "ChessBase"]
[SourceDate "2013.11.20"]
[SourceVersion "1"]
[SourceVersionDate "2013.11.20"]
[SourceQuality "1"]

1. e4 e6 2. d4 d5 3. Nc3 Nc6 4. Nf3 Nf6 5. e5 Ne4 6. Bd3 Bb4 7. Bd2 Nxd2 8. Qxd2 Bd7 9. 0-0 0-0 10. Ng5 h6 11. Nf3 f5 12. exf6 Qxf6 13. a3 Ba5 14. b4 Bb6 15. Ne2 e5 16. Bb5 exd4 17. Bxc6 bxc6 18. h3 Bxh3 19. Nfxd4 Bg4 20. f3 Bd7 21. Rad1 c5 22. bxc5 Bxc5 23. c3 Rae8 24. Rfe1 Re5 25. Kf1 Rh5 26. Ng1 Rh1 27. Nde2 c6 28. Nd4 Bd6 29. Nde2 Bh2 30. Qd4 Qg5 31. Qf2 h5 32. Rd4 Bc8 33. Qh4 Qe5 34. Rd2 Ba6 35. Qd4 Rxg1+ 36. Kf2 Qxd4+ 37. Nxd4 Rxe1 38. Kxe1 Bg3+ 39. Kd1 Re8 40. Nxc6 Bc4 41. Nd4 Rb8 42. Kc2 Bf4 43. Rd1 Be3 44. Nc6 Rb6 45. Na5 Rg6 46. Nxc4 dxc4 47. Rd8+ Kh7 48. Re8 Rxg2+ 49. Kb1 Bb6 50. Re4 Rf2 51. f4 Kg6 52. Rxc4 Kf5 53. Rc8 Kxf4 54. Rg8 g5 55. Rc8 h4 56. c4 h3 57. c5 h2 58. Rh8 Bxc5 0-1

[Event "Gatwick e2e4 op-B"]
[Site "Gatwick"]
[Date "2011.06.19"]
[Round "4"]
[White "Muir, Martin J"]
[Black "Georgiev, Ivan Georgiev"]
[Result "1/2-1/2"]
[WhiteElo "1898"]
[BlackElo "1836"]
[PlyCount "88"]
[EventDate "2011.06.17"]
[EventType "swiss"]
[EventRounds "5"]
[EventCountry "ENG"]
[SourceTitle "EXT 2014"]
[Source "ChessBase"]
[SourceDate "2013.11.20"]
[SourceVersion "1"]
[SourceVersionDate "2013.11.20"]
[SourceQuality "1"]

1. d4 Nf6 2. Nf3 e6 3. e3 b6 4. Bd3 Bb7 5. 0-0 Be7 6. c4 c5 7. Nc3 0-0 8. d5 exd5 9. cxd5 Nxd5 10. Nxd5 Bxd5 11. Bxh7+ Kxh7 12. Qxd5 Nc6 13. Qh5+ Kg8 14. e4 Re8 15. Bg5 Bf6 16. Rfe1 Ne5 17. Bxf6 Qxf6 18. Rad1 Nxf3+ 19. Qxf3 Qxf3 20. gxf3 Rad8 21. Rd5 Kf8 22. Red1 Re7 23. Kf1 f6 24. a4 Ke8 25. h4 Re5 26. Ke2 Ke7 27. Ke3 Rxd5 28. Rxd5 Rh8 29. h5 d6 30. Kd3 Kd7 31. Kc4 Kc6 32. Rf5 a6 33. f4 b5+ 34. axb5+ axb5+ 35. Kc3 b4+ 36. Kc4 Re8 37. f3 Rh8 38. b3 Rh6 39. Rd5 Rh8 40. e5 fxe5 41. fxe5 Rxh5 42. Rxd6+ Kc7 43. Kxc5 Rxe5+ 44. Rd5 Re3 1/2-1/2

[Event "Gatwick e2e4 op-B"]
[Site "Gatwick"]
[Date "2011.06.18"]
[Round "3"]
[White "Holowczak, Alex"]
[Black "Muir, Martin J"]
[Result "1/2-1/2"]
[WhiteElo "1746"]
[BlackElo "1898"]
[PlyCount "39"]
[EventDate "2011.06.17"]
[EventType "swiss"]
[EventRounds "5"]
[EventCountry "ENG"]
[SourceTitle "EXT 2014"]
[Source "ChessBase"]
[SourceDate "2013.11.20"]
[SourceVersion "1"]
[SourceVersionDate "2013.11.20"]
[SourceQuality "1"]

1. e4 e6 2. d4 d5 3. e5 c5 4. c3 Nc6 5. Nf3 Bd7 6. a3 f6 7. exf6 Nxf6 8. Be2 Bd6 9. 0-0 0-0 10. dxc5 Bxc5 11. Bf4 Ne4 12. Bg3 Nxg3 13. hxg3 Qf6 14. Nbd2 Qg6 15. b4 Bd6 16. c4 Rad8 17. cxd5 exd5 18. Nb3 Ne7 19. Qd3 Qf6 20. Rfe1 1/2-1/2

[Event "Uxbridge e2e4 Major op"]
[Site "Uxbridge"]
[Date "2011.03.19"]
[Round "3"]
[White "Muir, Martin J"]
[Black "Ignatovic, Ernest"]
[Result "1-0"]
[WhiteElo "1898"]
[BlackElo "1582"]
[PlyCount "61"]
[EventDate "2011.03.18"]
[EventType "swiss"]
[EventRounds "5"]
[EventCountry "ENG"]
[SourceTitle "EXT 2023"]
[Source "ChessBase"]
[SourceDate "2022.10.05"]
[SourceVersion "1"]
[SourceVersionDate "2022.10.05"]
[SourceQuality "1"]

1. d4 Nf6 2. Nf3 g6 3. Nc3 Bg7 4. e4 d6 5. Be3 0-0 6. Qd2 e5 7. 0-0-0 Ng4 8. dxe5 Nxe5 9. Nxe5 Bxe5 10. Bh6 Bg7 11. h4 Nc6 12. h5 Qf6 13. hxg6 fxg6 14. Bc4+ Kh8 15. Bxg7+ Qxg7 16. a3 a6 17. f3 Ne7 18. Rh2 Ng8 19. Rdh1 Nf6 20. Nd5 h5 21. Nxf6 Rxf6 22. g4 Be6 23. Bxe6 Rxe6 24. gxh5 Kg8 25. hxg6 Rxg6 26. Qd5+ Kf8 27. Rh8+ Ke7 28. Rxa8 Rg1+ 29. Rxg1 Qxg1+ 30. Qd1 Qe3+ 31. Kb1 1-0